00355nam a2200109 a 4500008004100000050001800041100003300059245008300092260004000175300002100215350000900236120416s1975 ||||||||||||||||| || u aTS 155.A2 Buf aBuffa, Elwood Spencer, 1923-10aModern production management: a short course in managing day-to-day operations aNew YorkbJohn Wiley and Sonsc1975 aiv, 279p. : ill. a0.00